000 00720cam a2200253 a 4500
001 12108832
005 20240216060143.0
008 000715s2000 enk b 001 0 eng d
020 _a0415214629 (hbk.)
020 _a0415214637 (pbk.)
040 _aEQO
_cEQO
_dDLC
082 _222
_a320
_bUTO.
100 1 _aSargisson, Lucy,
245 1 0 _aUtopian bodies and the politics of transgression /
_cLucy Sargisson.
260 _aLondon ;
_aNew York :
_bRoutledge,
_c2000.
300 _a170 p. ;
650 0 _aUtopias.
650 0 _aUtopias
650 0 _aGender identity.
650 0 _aHuman body
650 0 _aPolitical science.
856 4 2 _uhttp://www.loc.gov/catdir/enhancements/fy0650/00269550-d.html
942 _cL
999 _c418
_d418